000 00376 a2200109 4500
082 _a665.5383 ASP
245 _aAsphalt hot-mix recycling.
250 _a2nd ed.
260 _aCollege Park, Md., USA (Asphalt Institute Bldg., College Park 20740) :
_bAsphalt Institute,
_cc1986.
300 _a46 p. :
_bill. ;
_c23 cm.
650 _aPavements, Asphalt
_xRecycling.
830 0 _aManual series (Asphalt Institute) ;
999 _c1748
_d1748